000 00662nam a2200241Ia 4500
003 OSt
005 20220924114850.0
006 a|||||r|||| 00| 0
007 ta
008 220923b |||||||| |||| 00| 0 ara d
024 _a338490
037 _cTextual
040 _aARTS
_cARTS
_bara
041 _2ara
_aara
082 _aO28,6G09:g, K5
100 _aFarraj Abd-al-Sattar Ahmad Au.
_9175794
245 0 _aAkhbar-o-juha
260 _aCairo
_bMaktaba-e-Misr Egypt
_c1965
300 _a179p.
_ccm.
650 _aARABIC PROSE
942 _hO28,6G09:g, K5
_cTEXL
_2CC
999 _c395696
_d395696